Microbiology : (Record no. 11465)

MARC details
000 -LEADER
fixed length control field 00612nam a22002052 4500
001 - CONTROL NUMBER
control field 0000023625
005 - DATE AND TIME OF LATEST TRANSACTION
control field 20151217154503.0
008 - FIXED-LENGTH DATA ELEMENTS--GENERAL INFORMATION
fixed length control field 130312s xx 000 0 eng d
020 ## - INTERNATIONAL STANDARD BOOK NUMBER
International Standard Book Number 0071314879 :
040 ## - CATALOGING SOURCE
Original cataloging agency KABU
Transcribing agency KABU
100 1# - MAIN ENTRY--PERSONAL NAME
Personal name Cowan, Marjorie Kelly.
-- 0000183187
245 10 - TITLE STATEMENT
Title Microbiology :
Remainder of title a systems approach /
Statement of responsibility, etc. Marjorie Kelly Cowan.
250 ## - EDITION STATEMENT
Edition statement 3rd ed.
260 ## - PUBLICATION, DISTRIBUTION, ETC. (IMPRINT)
Place of publication, distribution, etc. New York :
Name of publisher, distributor, etc. McGraw-Hill,
Date of publication, distribution, etc. 2012.
300 ## - PHYSICAL DESCRIPTION
Extent 1 v. (various pagings) ;
650 #0 - SUBJECT ADDED ENTRY--TOPICAL TERM
Topical term or geographic name as entry element Microbiology.
-- 0000155702
852 1# - LOCATION
-- p3604 KES
908 ## - PUT COMMAND PARAMETER (RLIN)
Put command parameter 130312
950 ## - LOCAL HOLDINGS (RLIN)
-- 1
Holdings
Withdrawn status Lost status Source of classification or shelving scheme Not for loan Home library Current library Date acquired Total Checkouts Total Renewals Full call number Barcode Date last seen Date last checked out Price effective from Koha item type
    Library of Congress Classification   Kabarak, Main Campus Kabarak, Main Campus 17/12/2015 21 1 QR41.2 .C69 2012 c. 1 014537 16/03/2026 03/03/2026 17/12/2015 General Collection
Designed with assistance from East African Informatics Ltd